| 000 | 00735cam a2200229 a 4500 | ||
|---|---|---|---|
| 001 | 000003961 | ||
| 005 | 20200929150637.0 | ||
| 008 | 850219s1997 sp 001 f spa | ||
| 020 | _a8482382322 | ||
| 040 |
_aDO-SdBNP _cDLC _dDLC |
||
| 041 | 1 | 7 |
_aspa _heng _2Código de idioma MARC |
| 082 |
_a813.54 _bL427n |
||
| 100 | 1 |
_aLaymon, Richard _d1947 - 2001 _911903 |
|
| 245 | 1 | 0 |
_aNoche infinita / _cRichard Laymon ; Traducción, Guillermo Solana. |
| 260 |
_aMadrid : _bLibsa, _c1997. |
||
| 300 |
_a400 p. ; _c22 cm. |
||
| 534 | _aTítulo original: Endless night | ||
| 650 | 4 |
_aNovela estadounidense _9262 |
|
| 650 | 4 |
_aLiteratura estadounidense _9263 |
|
| 700 | 1 |
_aSolana, Guillermo. _etr. _911904 |
|
| 910 | _aCatalogación por copia / LC | ||
| 999 |
_c3780 _d3780 |
||